Zahraničný kapitál v slovenských bankách

Štruktúra bankového sektora SR k 31. marcu 2001. Problémy, ktoré treba riešiť v bankovom sektore. Pokračovanie v ďalšom čísle.

Salvato in:
Dettagli Bibliografici
Autore principale: Bachár, Vladislav
Natura: Capitolo di libro
Lingua:slovacco
Soggetti:
Tags: Aggiungi Tag
Nessun Tag, puoi essere il primo ad aggiungerne!!

MARC

LEADER 00000naa a2200000 4500
001 r042223
005 20230801095843.7
041 0 |a slo 
044 |a SK 
245 1 0 |a Zahraničný kapitál v slovenských bankách  |c Vladislav Bachár 
520 |a Štruktúra bankového sektora SR k 31. marcu 2001. Problémy, ktoré treba riešiť v bankovom sektore. Pokračovanie v ďalšom čísle. 
610 2 0 |a banky 
610 2 0 |a kapitál bankový 
610 2 0 |a kapitál zahraničný 
610 2 0 |a Slovensko 
100 1 |a Bachár, Vladislav